LEADER 01087nam2-2200301 --450 001 9910507591103321 005 20230502120804.0 100 $a20211203d1913----kmuy0itay5050 ba 101 0 $agrc$alat 102 $aDE 105 $a 001yy 200 1 $a<<5.: >>Inscriptiones Laconiae Messeniae Arcadiae$fconsilio et auctoritate Academiae litterarum regiae Borussicae 210 $aBerolini$capud Georgium Reimerum$d1913 215 $av.$d39 cm 327 $a5.1.: Inscriptiones Laconiae et Messeniae / edidit Gualtherus Kolbe$a5.2.: Inscriptiones Arcadiae / edidit Fridericus Hiller de Gaertringen 461 0$10019910507591703321$12001$aInscriptiones graecae$v5.1-2 610 0 $aIscrizioni greche 676 $a481.1$v23$zita 702 1$aHiller von Gaertringen,$bFriedrich 702 1$aKolbe,$bG. 801 0$aIT$bUNINA$gREICAT$2UNIMARC 901 $aBK 912 $a9910507591103321 952 $a481.7 IG 5(1)$b23720$fFLFBC 952 $a481.7 IG 5(2)$b23720$fFLFBC 959 $aFLFBC 996 $aInscriptiones Laconiae Messeniae Arcadiae$91108449 997 $aUNINA